[Event "Sao Bento do Sul op 05"]
[Site "Sao Bento do Sul"]
[Date "2021.05.09"]
[Round "5"]
[White "Kim, Andre"]
[Black "Purim, Kaiane"]
[Result "1-0"]
[WhiteElo "1094"]
[BlackElo "1143"]
[PlyCount "98"]
[EventDate "2021.05.07"]
[EventType "swiss"]
[EventRounds "6"]
[EventCountry "BRA"]
[SourceTitle "EXT 2022"]
[Source "ChessBase"]
[SourceDate "2021.10.06"]
[SourceVersion "1"]
[SourceVersionDate "2021.10.06"]
[SourceQuality "1"]

1. e4 e5 2. Nf3 Nc6 3. Bb5 Nf6 4. Nc3 Be7 5. d3 a6 6. Bxc6 bxc6 7. Nxe5 Bb7 8. Nf3 0-0 9. 0-0 d5 10. Bg5 Nd7 11. Bxe7 Qxe7 12. Re1 Qd8 13. exd5 cxd5 14. Qd2 h6 15. d4 Re8 16. Qf4 Rb8 17. Rxe8+ Qxe8 18. Qxc7 Ba8 19. Re1 Qf8 20. Qxd7 Rc8 21. h3 Bc6 22. Qf5 Rd8 23. Ne5 Re8 24. Rd1 Bb7 25. Qd7 Re7 26. Qg4 Bc8 27. Qf3 Rb7 28. Rb1 Be6 29. Nxd5 Bxd5 30. Qxd5 Rc7 31. c3 Rc8 32. c4 Ra8 33. Qc5 Qd8 34. Qd5 Qe8 35. Re1 Rd8 36. Qc6 Qf8 37. Nd7 Qb4 38. Rb1 Qd2 39. Qc5 Re8 40. Ne5 Qc2 41. Rf1 Qxb2 42. Qd5 Rf8 43. Nd7 Re8 44. c5 Qb5 45. Ne5 Rf8 46. Qb3 Qe8 47. c6 Qd8 48. Qc4 a5 49. c7 Qc8 1-0

[Event "Sao Bento do Sul op 05"]
[Site "Sao Bento do Sul"]
[Date "2021.05.09"]
[Round "6"]
[White "Purim, Kaiane"]
[Black "Viliczinski, Maria Luiza"]
[Result "1/2-1/2"]
[WhiteElo "1143"]
[BlackElo "1057"]
[PlyCount "29"]
[EventDate "2021.05.07"]
[EventType "swiss"]
[EventRounds "6"]
[EventCountry "BRA"]
[SourceTitle "EXT 2022"]
[Source "ChessBase"]
[SourceDate "2021.10.06"]
[SourceVersion "1"]
[SourceVersionDate "2021.10.06"]
[SourceQuality "1"]

1. c4 d5 2. d4 e6 3. Nf3 Nf6 4. e3 Be7 5. Nc3 0-0 6. Bd2 Bd7 7. b3 Nc6 8. Be2 Re8 9. 0-0 Ne4 10. Nxe4 dxe4 11. Ne5 Nxe5 12. dxe5 Rc8 13. Qc2 Bc6 14. Rfd1 Bg5 15. Bb4 1/2-1/2

[Event "Florianopolis op 7th"]
[Site "Florianopolis"]
[Date "2021.01.18"]
[Round "1"]
[White "Purim, Kaiane"]
[Black "Souza, Ramon Santana De"]
[Result "0-1"]
[WhiteElo "1183"]
[BlackElo "1652"]
[PlyCount "62"]
[EventDate "2021.01.18"]
[EventType "swiss"]
[EventRounds "10"]
[EventCountry "BRA"]
[SourceTitle "CBM 200 Extra"]
[Source "ChessBase"]
[SourceDate "2021.03.31"]
[SourceVersion "1"]
[SourceVersionDate "2021.03.31"]
[SourceQuality "1"]

1. e4 c5 2. Nf3 d6 3. c3 Nf6 4. Qc2 e5 5. d4 cxd4 6. cxd4 Nbd7 7. Bg5 Be7 8. Nc3 0-0 9. Bc4 exd4 10. Nxd4 Ne5 11. Bd3 Qb6 12. Be3 Qxb2 13. Rb1 Qxc2 14. Bxc2 b6 15. 0-0 Ba6 16. Rfd1 Rfc8 17. Rb3 Nc4 18. Bf4 Na5 19. Rbb1 Rxc3 20. Bd2 Rc7 21. Re1 Nc4 22. Bf4 Na3 23. Rbc1 Nxc2 24. Nxc2 Rac8 25. Nb4 Rxc1 26. Bxc1 Bb7 27. Bb2 h6 28. Nd5 Bxd5 29. exd5 Nxd5 30. Rd1 Bf6 31. Rxd5 Bxb2 0-1

[Event "Santa Catarina-ch (Women)"]
[Site "Lages"]
[Date "2020.02.15"]
[Round "3"]
[White "Fuchter, Julia"]
[Black "Purim, Kaiane"]
[Result "1-0"]
[WhiteElo "1415"]
[BlackElo "1186"]
[PlyCount "51"]
[EventDate "2020.02.14"]
[EventType "swiss"]
[EventRounds "6"]
[EventCountry "BRA"]
[SourceTitle "CBM 195 Extra"]
[Source "ChessBase"]
[SourceDate "2020.05.31"]
[SourceVersion "1"]
[SourceVersionDate "2020.05.31"]
[SourceQuality "1"]

1. e4 c5 2. Nf3 g6 3. d4 cxd4 4. Nxd4 Bg7 5. c4 e6 6. Nc3 Ne7 7. Be3 0-0 8. Be2 d5 9. 0-0 b6 10. cxd5 exd5 11. Nxd5 Nxd5 12. exd5 Qxd5 13. Bf3 Qe5 14. Bxa8 Rd8 15. Re1 Be6 16. Qa4 Bd7 17. Qxa7 b5 18. Rad1 Qe7 19. Bc6 Re8 20. Bxd7 Nxd7 21. Nxb5 Nb8 22. Qxe7 Rxe7 23. Rd8+ Bf8 24. Rxb8 Re5 25. Kf1 Kg7 26. Bd4 1-0

[Event "Florianopolis op 6th"]
[Site "Florianopolis"]
[Date "2020.01.25"]
[Round "9"]
[White "McKenna, Michael"]
[Black "Purim, Kaiane"]
[Result "0-1"]
[WhiteElo "1296"]
[BlackElo "1181"]
[PlyCount "64"]
[EventDate "2020.01.20"]
[EventType "swiss"]
[EventRounds "10"]
[EventCountry "BRA"]
[SourceTitle "CBM 194 Extra"]
[Source "ChessBase"]
[SourceDate "2020.03.31"]
[SourceVersion "1"]
[SourceVersionDate "2020.03.31"]
[SourceQuality "1"]

1. e4 c5 2. Nf3 g6 3. Nc3 Bg7 4. Bc4 e6 5. d3 Ne7 6. Bd2 Nbc6 7. Qc1 h6 8. Ne2 d5 9. Bb5 a6 10. Bxc6+ Nxc6 11. c3 d4 12. 0-0 b6 13. Qc2 0-0 14. c4 Bb7 15. Qc1 Kh7 16. Ne1 Qd6 17. f4 Ne7 18. Rf3 e5 19. h4 f5 20. h5 fxe4 21. hxg6+ Nxg6 22. Rh3 e3 23. fxe5 Qxe5 24. Bxe3 dxe3 25. Rxe3 Qf5 26. Nf3 Bd4 27. Nexd4 cxd4 28. Re2 Bxf3 29. gxf3 Qxf3 30. Qd2 Nf4 31. Re7+ Kh8 32. Qh2 Rg8+ 0-1

[Event "Florianopolis op 6th"]
[Site "Florianopolis"]
[Date "2020.01.21"]
[Round "3"]
[White "Santos, Gildemar de Oliveir"]
[Black "Purim, Kaiane"]
[Result "1-0"]
[WhiteElo "1479"]
[BlackElo "1181"]
[PlyCount "99"]
[EventDate "2020.01.20"]
[EventType "swiss"]
[EventRounds "10"]
[EventCountry "BRA"]
[SourceTitle "CBM 194 Extra"]
[Source "ChessBase"]
[SourceDate "2020.03.31"]
[SourceVersion "1"]
[SourceVersionDate "2020.03.31"]
[SourceQuality "1"]

1. c4 c5 2. Nf3 g6 3. g3 Bg7 4. Nc3 e6 5. Bg2 Nc6 6. 0-0 Nge7 7. d3 0-0 8. a3 b6 9. Rb1 Bb7 10. Bg5 h6 11. Bd2 Nd4 12. e4 d5 13. Nxd4 cxd4 14. Ne2 dxe4 15. dxe4 Rc8 16. b3 a6 17. Qc1 Kh7 18. Rd1 Qd6 19. Bb4 Qd7 20. Bxe7 Qxe7 21. Nxd4 b5 22. a4 e5 23. Ne2 Qe6 24. axb5 axb5 25. c5 Qc6 26. b4 f5 27. Rd6 Qc7 28. Qe3 Rcd8 29. Rbd1 Bxe4 30. Bxe4 fxe4 31. Qxe4 Rxd6 32. Rxd6 Qf7 33. Qe3 Qc4 34. Qd2 Qe4 35. Rb6 Qf5 36. Qe3 Qb1+ 37. Kg2 Qxb4 38. c6 e4 39. c7 Rc8 40. Qc1 Qa5 41. Qc6 b4 42. Qxg6+ Kg8 43. Qe6+ Kh7 44. Qxc8 Qxb6 45. Qb8 Qf6 46. c8Q Qf3+ 47. Kh3 Qxf2 48. Qg8+ Kg6 49. Qbe8+ Kg5 50. Qxg7+ 1-0

[Event "Sao Bento do Sul op 07"]
[Site "Sao Bento do Sul"]
[Date "2019.07.14"]
[Round "6"]
[White "De Castro Junior, Klever Riderson"]
[Black "Purim, Kaiane"]
[Result "0-1"]
[WhiteElo "1341"]
[BlackElo "1218"]
[PlyCount "84"]
[EventDate "2019.07.12"]
[EventType "swiss"]
[EventRounds "7"]
[EventCountry "BRA"]
[SourceTitle "CBM 195 Extra"]
[Source "ChessBase"]
[SourceDate "2020.05.31"]
[SourceVersion "1"]
[SourceVersionDate "2020.05.31"]
[SourceQuality "1"]

1. d4 d5 2. e3 g6 3. Nf3 Bg7 4. Nbd2 e6 5. b3 Ne7 6. Bb2 0-0 7. Be2 b6 8. 0-0 Bb7 9. Rc1 f6 10. c4 c5 11. dxc5 bxc5 12. cxd5 Qxd5 13. Nc4 Qc6 14. Qd6 Qd7 15. Qxd7 Nxd7 16. Ba3 Ba6 17. Rfd1 Rfd8 18. Nb6 axb6 19. Bxa6 Rxa6 20. Bb2 Rxa2 21. Rc2 f5 22. Nd2 Bxb2 23. Nc4 Ra1 24. Nxb2 Rxd1+ 25. Nxd1 Ne5 26. Nb2 Rd5 27. f4 Nd3 28. Nc4 Nb4 29. Rc1 Nc8 30. Ra1 b5 31. Ra8 Rd8 32. Nb6 Kf7 33. Nxc8 c4 34. bxc4 bxc4 35. Ra7+ Kf8 36. Rc7 Rd1+ 37. Kf2 Rc1 38. Nb6 c3 39. Nc4 c2 40. Nd2 Rd1 41. Nb3 Nd3+ 42. Ke2 c1Q 0-1

[Event "Sao Bento do Sul op 07"]
[Site "Sao Bento do Sul"]
[Date "2019.07.14"]
[Round "7"]
[White "Purim, Kaiane"]
[Black "Deobrochinski, Valentina Hinke"]
[Result "0-1"]
[WhiteElo "1218"]
[BlackElo "1137"]
[PlyCount "68"]
[EventDate "2019.07.12"]
[EventType "swiss"]
[EventRounds "7"]
[EventCountry "BRA"]
[SourceTitle "CBM 195 Extra"]
[Source "ChessBase"]
[SourceDate "2020.05.31"]
[SourceVersion "1"]
[SourceVersionDate "2020.05.31"]
[SourceQuality "1"]

1. c4 e5 2. Nc3 Nf6 3. g3 g6 4. Bg2 Bg7 5. e3 0-0 6. Nge2 d6 7. 0-0 Nbd7 8. d4 Re8 9. Qc2 Rb8 10. b3 b6 11. Bb2 Bb7 12. Ne4 Bxe4 13. Bxe4 Nxe4 14. Qxe4 Nf6 15. Qd3 c6 16. a4 e4 17. Qc2 d5 18. c5 Qd7 19. Kg2 Qg4 20. f3 exf3+ 21. Rxf3 Qe4 22. Qd2 Ng4 23. Bc1 bxc5 24. h3 Nh6 25. Nc3 Qe7 26. dxc5 Rxb3 27. Ra3 Rxa3 28. Bxa3 Nf5 29. Kf2 d4 30. exd4 Bxd4+ 31. Kg2 Bxc3 32. Qxc3 Qe2+ 33. Rf2 Ne3+ 34. Kg1 Qd1+ 0-1

[Event "Sao Bento do Sul op 05"]
[Site "Sao Bento do Sul"]
[Date "2019.05.19"]
[Round "7"]
[White "Belarmino, Joaquim Mengarda"]
[Black "Purim, Kaiane"]
[Result "1-0"]
[WhiteElo "1341"]
[BlackElo "1203"]
[PlyCount "59"]
[EventDate "2019.05.17"]
[EventType "swiss"]
[EventRounds "7"]
[EventCountry "BRA"]
[SourceTitle "CBM 195 Extra"]
[Source "ChessBase"]
[SourceDate "2020.05.31"]
[SourceVersion "1"]
[SourceVersionDate "2020.05.31"]
[SourceQuality "1"]

1. d4 d5 2. e3 g6 3. b3 Bg7 4. Nf3 Bg4 5. Nbd2 b6 6. h3 Bd7 7. Bd3 c5 8. c4 Bc6 9. Qc2 e6 10. h4 f5 11. cxd5 Bxd5 12. Bc4 Nc6 13. Bxd5 Qxd5 14. a3 e5 15. Qd3 e4 16. Qe2 exf3 17. Nxf3 Nge7 18. Bb2 0-0 19. h5 Rfe8 20. Ng5 h6 21. dxc5 bxc5 22. Bxg7 Kxg7 23. hxg6 Nxg6 24. Rd1 Qxg2 25. Rd7+ Nce7 26. Qb2+ Ne5 27. Qxe5+ Kg6 28. Qe6+ Kxg5 29. Qxh6+ Kg4 30. Qf4# 1-0

[Event "Sao Bento do Sul op 05"]
[Site "Sao Bento do Sul"]
[Date "2019.05.18"]
[Round "3"]
[White "Lobermayer, Guilherme"]
[Black "Purim, Kaiane"]
[Result "1-0"]
[WhiteElo "1553"]
[BlackElo "1203"]
[PlyCount "91"]
[EventDate "2019.05.17"]
[EventType "swiss"]
[EventRounds "7"]
[EventCountry "BRA"]
[SourceTitle "CBM 195 Extra"]
[Source "ChessBase"]
[SourceDate "2020.05.31"]
[SourceVersion "1"]
[SourceVersionDate "2020.05.31"]
[SourceQuality "1"]

1. e4 c5 2. Nc3 Nc6 3. Bb5 Qc7 4. d3 g6 5. f4 d6 6. Nf3 Bg7 7. 0-0 a6 8. Nd5 Qd8 9. Bxc6+ bxc6 10. Nc3 d5 11. e5 f6 12. Rb1 a5 13. Na4 fxe5 14. Nxe5 Bxe5 15. fxe5 Qc7 16. Qf3 Bf5 17. g4 Qxe5 18. Nxc5 Qd4+ 19. Be3 Qxg4+ 20. Qxg4 Bxg4 21. Bd4 Nf6 22. Bxf6 exf6 23. Rxf6 Rc8 24. Re1+ Kd8 25. Nb7+ Kc7 26. Nxa5 Kb6 27. Nb3 Rhe8 28. Rxe8 Rxe8 29. Nd4 Bd7 30. Rf7 Be6 31. Rxh7 c5 32. Nxe6 Rxe6 33. Rf7 Kb5 34. Kf2 c4 35. Rf3 g5 36. Rf5 Kc5 37. dxc4 Kxc4 38. Rxg5 d4 39. Rg4 Kc5 40. h4 Rd6 41. Ke2 Re6+ 42. Kd2 Re3 43. c3 Rh3 44. Rxd4 Rh2+ 45. Kc1 Rh1+ 46. Kc2 1-0

[Event "Sao Bento do Sul op 05"]
[Site "Sao Bento do Sul"]
[Date "2019.05.18"]
[Round "5"]
[White "Weiss, Rebeca"]
[Black "Purim, Kaiane"]
[Result "1-0"]
[WhiteElo "1113"]
[BlackElo "1203"]
[PlyCount "107"]
[EventDate "2019.05.17"]
[EventType "swiss"]
[EventRounds "7"]
[EventCountry "BRA"]
[SourceTitle "CBM 195 Extra"]
[Source "ChessBase"]
[SourceDate "2020.05.31"]
[SourceVersion "1"]
[SourceVersionDate "2020.05.31"]
[SourceQuality "1"]

1. d4 d5 2. e3 Nc6 3. Nf3 g6 4. Nc3 Bg7 5. Bd3 e6 6. 0-0 Nge7 7. Re1 0-0 8. g3 e5 9. dxe5 Nxe5 10. Nxe5 Bxe5 11. e4 d4 12. Nb1 Qd7 13. Nd2 b6 14. Nf3 Nc6 15. Bd2 Bg7 16. Qc1 Qe7 17. a3 Ne5 18. Nxd4 c5 19. Ne2 Nf3+ 20. Kf1 Nxe1 21. Qxe1 f5 22. Nf4 Bb7 23. Bc4+ Kh8 24. e5 a5 25. Kg1 h5 26. Nxg6+ Kh7 27. Nxe7 Rfe8 28. Nd5 Bxd5 29. Bxd5 Rad8 30. Bf3 Rxe5 31. Be3 Bh6 32. Rd1 Rde8 33. Rd3 c4 34. Rd7+ Kg6 35. Rd6+ R5e6 36. Rxe6+ Rxe6 37. Qd2 Kg7 38. Bd4+ Kh7 39. Qc3 Re7 40. Bxb6 a4 41. Qxc4 Rg7 42. Bxh5 f4 43. Qd3+ Kh8 44. Bd4 fxg3 45. hxg3 Kg8 46. Bxg7 Bxg7 47. Qc4+ Kh8 48. Qxa4 Kh7 49. c4 Bxb2 50. c5 Kh6 51. Qb3 Bd4 52. Qc4 Bf6 53. Qf7 Kg5 54. Qg6# 1-0

[Event "Florianopolis op 5th"]
[Site "Florianopolis"]
[Date "2019.01.24"]
[Round "5"]
[White "Purim, Kaiane"]
[Black "Quaresma, Givanildo Ribeiro"]
[Result "0-1"]
[WhiteElo "1228"]
[BlackElo "1586"]
[PlyCount "120"]
[EventDate "2019.01.21"]
[EventType "swiss"]
[EventRounds "10"]
[EventCountry "BRA"]
[SourceTitle "CBM 188 Extra"]
[Source "ChessBase"]
[SourceDate "2019.02.26"]
[SourceVersion "1"]
[SourceVersionDate "2019.02.26"]
[SourceQuality "1"]

1. c4 e5 2. e4 d6 3. d3 Nc6 4. Nc3 h6 5. Be3 Nf6 6. Nf3 Bg4 7. Be2 Be7 8. h3 Bh5 9. 0-0 Qd7 10. Qd2 g5 11. d4 g4 12. hxg4 Nxg4 13. Nd5 Nxe3 14. Qxe3 Bxf3 15. Bxf3 Nxd4 16. Bd1 0-0-0 17. Rb1 h5 18. b4 h4 19. Nxe7+ Qxe7 20. c5 dxc5 21. bxc5 Qxc5 22. Bb3 Nxb3 23. Qxb3 b6 24. Qxf7 Rdf8 25. Qe6+ Kb8 26. Rbc1 Qd4 27. Qc6 Rh7 28. a4 Rg8 29. Rfd1 Qb4 30. Rd7 Rxd7 31. Qxd7 Qd6 32. Qh7 Qg6 33. Qxg6 Rxg6 34. Kh2 Rg4 35. Rc4 Kb7 36. g3 hxg3+ 37. fxg3 a6 38. Kh3 Rg8 39. g4 b5 40. axb5 axb5 41. Rc5 Kb6 42. Rxe5 b4 43. g5 b3 44. Rd5 c5 45. Rd6+ Kb5 46. g6 c4 47. e5 b2 48. Rd1 Rxg6 49. Re1 Re6 50. Kg4 c3 51. Kf5 Re8 52. e6 c2 53. Kf6 c1Q 54. Rxc1 bxc1Q 55. Kf7 Qc8 56. e7 Qd7 57. Kg6 Qxe7 58. Kf5 Rf8+ 59. Kg4 Qg7+ 60. Kh3 Rh8# 0-1

[Event "Florianopolis op 5th"]
[Site "Florianopolis"]
[Date "2019.01.22"]
[Round "3"]
[White "Purim, Kaiane"]
[Black "Santana Magalhaes, Amanda Borges Matos"]
[Result "0-1"]
[WhiteElo "1228"]
[BlackElo "1636"]
[PlyCount "54"]
[EventDate "2019.01.21"]
[EventType "swiss"]
[EventRounds "10"]
[EventCountry "BRA"]
[SourceTitle "CBM 188 Extra"]
[Source "ChessBase"]
[SourceDate "2019.02.26"]
[SourceVersion "1"]
[SourceVersionDate "2019.02.26"]
[SourceQuality "1"]

1. c4 e5 2. Nc3 Nf6 3. d3 Nc6 4. e4 Bc5 5. Nf3 h6 6. Be2 d6 7. 0-0 a6 8. Bd2 0-0 9. h3 Ne7 10. Be3 Ba7 11. Qd2 Ng6 12. Nd5 c6 13. Nxf6+ Qxf6 14. Bxh6 gxh6 15. Qxh6 Qg7 16. Qg5 Nf4 17. Qxg7+ Kxg7 18. Bd1 Rg8 19. Bc2 Kh8 20. g3 Rxg3+ 21. Kh2 Rxh3+ 22. Kg1 Rxf3 23. Bd1 Rg3+ 24. Kh1 Rh3+ 25. Kg1 Be6 26. Re1 Rg8+ 27. Kf1 Rh1# 0-1

[Event "Blumenau STD op"]
[Site "Blumenau"]
[Date "2018.09.30"]
[Round "6"]
[White "Purim, Kaiane"]
[Black "Canonico, Rodrigo"]
[Result "0-1"]
[WhiteElo "1761"]
[BlackElo "1691"]
[PlyCount "70"]
[EventDate "2018.09.28"]
[EventType "swiss"]
[EventRounds "6"]
[EventCountry "BRA"]
[SourceTitle "EXT 2020"]
[Source "ChessBase"]
[SourceDate "2019.10.17"]
[SourceVersion "1"]
[SourceVersionDate "2019.10.17"]
[SourceQuality "1"]

1. c4 e5 2. Nc3 Nf6 3. d3 Nc6 4. e4 h6 5. Nf3 Bc5 6. Be2 d6 7. 0-0 Be6 8. h3 Qd7 9. Nd5 Ne7 10. Nxe7 Qxe7 11. d4 exd4 12. Nxd4 Nxe4 13. Bf3 Bxc4 14. Qa4+ b5 15. Qa6 0-0 16. Re1 d5 17. Be3 Qf6 18. Nc6 Bb6 19. Bxb6 Qxc6 20. b3 axb6 21. Qxa8 Rxa8 22. bxc4 Qxc4 23. Rec1 Qd4 24. Bxe4 dxe4 25. Rab1 Rxa2 26. Rf1 e3 27. Rbd1 Qf4 28. fxe3 Qxe3+ 29. Kh1 Qe2 30. Rg1 b4 31. Rd8+ Kh7 32. Rb8 b3 33. Rxb6 cxb6 34. h4 Qf2 35. Kh2 Qxh4# 0-1

[Event "Blumenau STD op"]
[Site "Blumenau"]
[Date "2018.09.28"]
[Round "2"]
[White "Campagnolo, Bruna1111"]
[Black "Purim, Kaiane"]
[Result "1-0"]
[WhiteElo "1303"]
[BlackElo "1761"]
[PlyCount "102"]
[EventDate "2018.09.28"]
[EventType "swiss"]
[EventRounds "6"]
[EventCountry "BRA"]
[SourceTitle "EXT 2020"]
[Source "ChessBase"]
[SourceDate "2019.10.17"]
[SourceVersion "1"]
[SourceVersionDate "2019.10.17"]
[SourceQuality "1"]

1. e4 c5 2. Nf3 Nc6 3. d4 b6 4. Nc3 d6 5. Bb5 Bd7 6. d5 Ne5 7. Nxe5 dxe5 8. Bxd7+ Qxd7 9. Be3 e6 10. Qd2 Be7 11. 0-0-0 Qd8 12. f4 exf4 13. Bxf4 e5 14. Bxe5 Bg5 15. Bf4 Bxf4 16. Qxf4 Nf6 17. Nb5 0-0 18. Nc3 Re8 19. Kb1 Re7 20. Rhe1 h6 21. g4 Qe8 22. Rg1 Re5 23. g5 hxg5 24. Rxg5 Rxg5 25. Qxg5 Qe7 26. Rg1 g6 27. e5 Kg7 28. exf6+ Qxf6 29. Qxf6+ Kxf6 30. Rf1+ Kg7 31. d6 Rd8 32. Rd1 f5 33. Ne2 Kf6 34. Nf4 g5 35. Nd5+ Ke5 36. Ne3 f4 37. Ng4+ Ke4 38. d7 Kf3 39. Ne5+ Kg2 40. Rd2+ Kh3 41. Nf7 Rxd7 42. Rxd7 g4 43. Rd2 g3 44. hxg3 Kxg3 45. Ne5 b5 46. Rd3+ Kh4 47. Rf3 Kg5 48. Nd3 c4 49. Nxf4 Kg4 50. Ra3 Kxf4 51. Rxa7 b4 1-0